Moving oceans : (Record no. 95172)

MARC details
000 -LEADER
fixed length control field 00788nam a22002177a 4500
005 - DATE AND TIME OF LATEST TRANSACTION
control field 20150811105748.0
010 ## - LCCN (DPL NO)
LC control number ENG-113634
020 ## - INTERNATIONAL STANDARD BOOK NUMBER
International Standard Book Number 9781138016828
Terms of availability 695.00
035 ## - SYSTEM CONTROL NUMBER
System control number EN-97166
037 ## - SOURCE OF ACQUISITION
Source of stock number/acquisition DBAD/PUB
082 ## - DEWEY DECIMAL CLASSIFICATION NUMBER
Classification number 793.3099
245 ## - TITLE STATEMENT
Title Moving oceans :
Statement of responsibility, etc edited by Ralph Buck [and] Nicholas Rowe
Remainder of title celebrating dance in the South Pacific /
260 ## - PUBLICATION, DISTRIBUTION, ETC. (IMPRINT)
Place of publication, distribution, etc New Delhi
Name of publisher, distributor, etc Routledge
Date of publication, distribution, etc 2014
270 ## - ADDRESS
Address 912 Tolstoy House, 15-17 Tolstoy Marg, Connaught Place
City New Delhi
Postal code 110001
300 ## - PHYSICAL DESCRIPTION
Extent xiv,190p. :
Dimensions 23cm(Hb)
Other physical details ill.
490 ## - SERIES STATEMENT
Series statement Celebrating dance in Asia and the Pacific ; edited by Stephanie Burridge
500 ## - GENERAL NOTE
General note Includes bibliographical references and index
700 ## - ADDED ENTRY--PERSONAL NAME
Personal name Buck, Ralph
700 ## - ADDED ENTRY--PERSONAL NAME
Personal name Rowe, Nicholas
942 ## - ADDED ENTRY ELEMENTS (KOHA)
Source of classification or shelving scheme Dewey Decimal Classification
Item type English Books
Call number suffix MOV
Classification part 793.3099
Holdings
Withdrawn status Lost status Not for loan Collection code Home library Current library Date acquired Source of acquisition Cost, normal purchase price Full call number Barcode Copy number Cost, replacement price Koha item type
    Not For Loan Non-fiction D.B.Act.Division D.B.Act.Division 22/07/2015 DBAD/PUB 695.00 793.3099 MOV EN-97166 1 695.00 English Books

© Delhi Public Library
Hit Counter
free hit counter